000 01179nam a2200265Ia 4500
003 OSt
005 20221005105651.0
006 a|||||r|||| 00| 0
007 ta
008 221004b |||||||| |||| 00| 0 hin d
020 _a8181435478 (hbk)
_c250
024 _a97137
037 _b1214, 02/03/2009, Pioneer Books Distributors
_cTextual
040 _aCRL
_cCRL
_bhin
041 _2hin
_ahin
082 _aY:49(Q), 152P6
100 _aशम्सुल इस्लाम
245 0 _aभारत में अलगाववाद और धर्म
_b राष्ट्रीय स्वयंसेवक संघ का एक अध्ययन
246 _aBhārat mean alagāvavād aur dharma: rāṣhṭrīya svayansevak sangha kā ek adhyayana
260 _aनई दिल्ली
_bवाणी प्रकाशन भारत
_c2006
300 _a247पृ0
_ccm.
700 _a गताडे, सुभाष, अनु.
942 _hY:49(Q), 152P6
_cTEXL
_2cc
999 _c1016515
_d1016515